Corinthians: Maiores Artilheiros do Século XXI - Statistics

Estatísticas Gerais
  • Esse quiz foi jogado 86 vezes
  • A pontuação média é 24 de 30
Estatísticas das Respostas
Imagem Resposta % Correto
Yuri Alberto
100%
99%
Paolo Guerrero
98%
Paulinho
98%
Ronaldo
98%
Angel Romero
96%
Carlos Tevez
95%
Renato Augusto
95%
Róger Guedes
95%
Vagner Love
95%
Jadson
94%
Emerson Sheik
93%
Fábio Santos
91%
Danilo
90%
Romarinho
89%
Dentinho
85%
Luciano
84%
Rodriguinho
84%
Chicão
80%
Elias
80%
Liedson
75%
Roger Flores
74%
Jorge Henrique
65%
Ricardinho
64%
Luizão
60%
Nilmar
52%
André Santos
44%
Gil
38%
Deivid
36%
Rogério
23%
Nenhum quiz correspondente encontrado
Distribuição das Pontuações
Porcentagem de Pessoas com Cada Pontuação
Percentil de Números Respondidos
Sua Pontuação Histórica
Você não jogou esse quiz